| 000 | 00531nam a2200205 a 4500 | ||
|---|---|---|---|
| 001 | 85460 | ||
| 003 | BD-RjUL | ||
| 005 | 20250807103430.0 | ||
| 008 | 250807r19601938enk||||| |||| 00| 0 eng d | ||
| 035 | _a(BD-RjUL)85460 | ||
| 040 |
_aBD-RjUL _beng _cBD-RjUL |
||
| 041 | _aeng | ||
| 082 |
_223 _a823 _bCHA 1960 |
||
| 100 | _aChristie, Agatha | ||
| 245 |
_aAppointment with Death / _cAgatha Christie |
||
| 260 |
_aLondon : _bCollins, _c ©1938, 1960 |
||
| 300 |
_a159 p.; _c19 cm. |
||
| 650 | _aEnglish Fiction | ||
| 942 |
_2ddc _cBK |
||
| 999 |
_c85460 _d85460 |
||